[Event "Oberliga Ost B"]
[Site "?"]
[Date "2023.02.04"]
[Round "6.2"]
[White "Kushka, Alena"]
[Black "Baum, Bernd"]
[Result "1/2-1/2"]
[WhiteElo "2132"]
[BlackElo "2279"]
[PlyCount "137"]
[EventDate "2022.09.18"]
[EventType "team-tourn"]
[EventCountry "GER"]
[WhiteTeam "Hofheim SV II"]
[BlackTeam "Marburg SK"]
[WhiteTeamCountry "GER"]
[BlackTeamCountry "GER"]

1. d4 e6 2. c4 d5 3. Nc3 a6 4. cxd5 exd5 5. Bf4 Nf6 6. e3 Bd6 7. Bg5 c6 8. Bd3 O-O 9. Nge2 Re8 10. Qc2 h6 11. Bh4 Be6 12. f3 c5 13. O-O-O c4 14. Bf5 Nc6 15. Bxe6 fxe6 16. e4 Nb4 17. Qd2 Be7 18. Nf4 Qb6 19. Bxf6 Bxf6 20. exd5 Bg5 21. g3 Nd3+ 22. Kb1 Qxd4 23. Nce2 Qb6 24. h4 Bxf4 25. Nxf4 Nf2 26. Nxe6 Nxh1 27. Rxh1 Qd6 28. Qc3 Qxg3 29. f4 Qxc3 30. bxc3 Re7 31. f5 Rd7 32. Rg1 Kh8 33. Rg4 Rc8 34. Rd4 b5 35. Kc2 Rd6 36. Kd2 Re8 37. Ke3 g6 38. Kf4 gxf5 39. Kxf5 Re7 40. Ke5 Rdd7 41. d6 Re8 42. Rf4 Rc8 43. Kd5 Kg8 44. Nc5 Ra7 45. Rg4+ Kh7 46. Rd4 Kg6 47. d7 Rf8 48. Kc6 Raa8 49. Ne6 Rf3 50. Kb7 Rh8 51. Kxa6 Rf6 52. Kxb5 Rxe6 53. d8=Q Rxd8 54. Rxd8 Re4 55. a4 Rxh4 56. Rd1 Rf4 57. a5 Rf5+ 58. Kb4 Rf8 59. Kxc4 Rc8+ 60. Kb4 Kf5 61. a6 Ke5 62. a7 Ra8 63. Ra1 Kd6 64. Ra6+ Kc7 65. Rxh6 Kb7 66. Kb5 Rf8 67. Rh7+ Ka8 68. c4 Rf5+ 69. c5 1/2-1/2

[Event "Oberliga Ost B"]
[Site "?"]
[Date "2023.02.04"]
[Round "6.3"]
[White "Dorst, Johannes"]
[Black "Engel, Berthold"]
[Result "1-0"]
[WhiteElo "2218"]
[BlackElo "2119"]
[PlyCount "121"]
[EventDate "2022.09.18"]
[EventType "team-tourn"]
[EventCountry "GER"]
[WhiteTeam "Marburg SK"]
[BlackTeam "Hofheim SV II"]
[WhiteTeamCountry "GER"]
[BlackTeamCountry "GER"]

1. e4 e6 2. d4 d5 3. Nc3 Nf6 4. e5 Ng8 5. a3 b6 6. Nf3 Qd7 7. Ne2 Ba6 8. c3 Nc6 9. b4 Be7 10. a4 Bc4 11. Ng3 Bxf1 12. Nxf1 a5 13. b5 Na7 14. Ne3 c6 15. bxc6 Qxc6 16. Qb3 Rc8 17. Bd2 Nh6 18. O-O Nf5 19. Nxf5 exf5 20. Rab1 Rb8 21. Rfc1 O-O 22. c4 dxc4 23. Rxc4 Qd7 24. Rbc1 Rfc8 25. Rxc8+ Rxc8 26. Rxc8+ Nxc8 27. Qc4 Bd8 28. h3 Ne7 29. Bg5 h6 30. Bxe7 Bxe7 31. d5 Bb4 32. Qc6 Qd8 33. d6 Kf8 34. Nd4 g6 35. Qc7 Ke8 36. Qb7 Bxd6 37. exd6 Qxd6 38. Qc8+ Ke7 39. Qc4 Kf6 40. Qc3 Qb4 41. Qxb4 axb4 42. f4 Ke7 43. Kf2 Kd6 44. Ke3 Kc5 45. Kd3 b3 46. Nxb3+ Kb4 47. Nd4 Kxa4 48. Kc4 Ka3 49. Kc3 Ka4 50. Nf3 Ka3 51. Nd4 Ka4 52. Nc6 b5 53. Nd4 f6 54. g3 b4+ 55. Kb2 b3 56. Nxb3 Kb4 57. Nd2 g5 58. Kc2 Kc5 59. Kd3 Kd5 60. Nf1 h5 61. h4 1-0

[Event "Oberliga Ost B"]
[Site "?"]
[Date "2023.02.04"]
[Round "6.4"]
[White "Burkart, Patrick"]
[Black "Alber, Horst"]
[Result "1-0"]
[WhiteElo "2337"]
[BlackElo "2241"]
[PlyCount "61"]
[EventDate "2022.09.18"]
[EventType "team-tourn"]
[EventCountry "GER"]
[WhiteTeam "Hofheim SV II"]
[BlackTeam "Marburg SK"]
[WhiteTeamCountry "GER"]
[BlackTeamCountry "GER"]

1. d4 Nf6 2. c4 g6 3. Nc3 Bg7 4. Nf3 O-O 5. Bf4 d6 6. e3 Nbd7 7. Be2 c6 8. h3 Qe8 9. O-O e5 10. Bh2 Qe7 11. b4 Ne8 12. Rc1 f5 13. c5 e4 14. cxd6 Nxd6 15. Qb3+ Nf7 16. Nd2 Nb6 17. b5 Be6 18. Nc4 Rac8 19. Na4 Nxa4 20. Qxa4 cxb5 21. Qxb5 Rfd8 22. Na5 Rxc1 23. Rxc1 Qa3 24. Rc7 Qxa2 25. Nxb7 Ra8 26. Bf1 Bf8 27. Nc5 Bxc5 28. dxc5 a5 29. Re7 a4 30. Qc6 Bd5 31. Qf6 1-0

[Event "Oberliga Ost B"]
[Site "?"]
[Date "2023.02.04"]
[Round "6.5"]
[White "Henrich, Thomas"]
[Black "Rieseler, Caroline"]
[Result "1-0"]
[WhiteElo "2129"]
[BlackElo "2128"]
[PlyCount "73"]
[EventDate "2022.09.18"]
[EventType "team-tourn"]
[EventCountry "GER"]
[WhiteTeam "Marburg SK"]
[BlackTeam "Hofheim SV II"]
[WhiteTeamCountry "GER"]
[BlackTeamCountry "GER"]

1. d4 Nf6 2. c4 g6 3. Nc3 d5 4. Nf3 Bg7 5. cxd5 Nxd5 6. e4 Nxc3 7. bxc3 c5 8. Bb5+ Bd7 9. Be2 O-O 10. Rb1 Qc7 11. O-O Nc6 12. d5 Na5 13. c4 Bg4 14. Ng5 Bd7 15. f4 h6 16. Nf3 b6 17. e5 Rad8 18. Be3 e6 19. d6 Qc8 20. Qe1 Qa6 21. Qh4 h5 22. g4 Nxc4 23. gxh5 Qxa2 24. hxg6 fxg6 25. Ng5 Rf5 26. Bxc4 Qxc4 27. Qh7+ Kf8 28. Qxg6 Qe2 29. Nh7+ Kg8 30. Nf6+ Kf8 31. Rbe1 Qc4 32. Nh7+ Kg8 33. Ng5 Qb3 34. Rf3 Qc3 35. Ref1 Qc4 36. Rh3 Bb5 37. Rh8+ 1-0

[Event "Oberliga Ost B"]
[Site "?"]
[Date "2023.02.04"]
[Round "6.6"]
[White "Segna, Ulrich"]
[Black "Rolle, Eric"]
[Result "1-0"]
[WhiteElo "2093"]
[BlackElo "2124"]
[PlyCount "159"]
[EventDate "2022.09.18"]
[EventType "team-tourn"]
[EventCountry "GER"]
[WhiteTeam "Hofheim SV II"]
[BlackTeam "Marburg SK"]
[WhiteTeamCountry "GER"]
[BlackTeamCountry "GER"]

1. d4 Nf6 2. Nf3 e6 3. e3 c5 4. Bd3 Nc6 5. O-O d5 6. b3 Bd6 7. Bb2 Qc7 8. c4 dxc4 9. bxc4 a6 10. Nbd2 b6 11. Rc1 Bb7 12. Qe2 O-O-O 13. Rfd1 Rhe8 14. Nb3 Kb8 15. Ba3 e5 16. dxc5 bxc5 17. Bf5 e4 18. Ne1 Re5 19. Bh3 Rh5 20. Rb1 Bxh2+ 21. Kf1 Rxd1 22. Qxd1 Bd6 23. Bb2 Rh6 24. Bc3 Nd7 25. Bxg7 Rg6 26. Bxd7 Rxg7 27. Bxc6 Bxc6 28. Nxc5+ Kc8 29. Nxa6 Qe7 30. Qd4 Be5 31. Qb6 Rg6 32. Nb4 Bb7 33. Qa5 Bc3 34. Nd5 Bxd5 35. Qxc3 Bb7 36. Qh8+ Kc7 37. Qxh7 Qe6 38. Qh2+ Kc8 39. Qh8+ Kc7 40. Qd4 Qa6 41. Qe5+ Rd6 42. Rd1 Qxc4+ 43. Kg1 Bd5 44. Nc2 f6 45. Qf4 Kd7 46. Nd4 Bb7 47. a3 Qc5 48. Rb1 Rb6 49. Rxb6 Qxb6 50. Qf5+ Kc7 51. Qb5 Qd6 52. Qb4 Qd5 53. Nb5+ Kc6 54. Nd4+ Kc7 55. a4 Qh5 56. Qe7+ Kc8 57. Qxf6 Qd1+ 58. Kh2 Qxa4 59. g4 Qd1 60. Qf5+ Kb8 61. Kg2 Bc8 62. Qf4+ Ka7 63. g5 Ba6 64. g6 Bf1+ 65. Kg3 Qh5 66. Qg4 Qe5+ 67. Kh4 Qf6+ 68. Kg3 Qe5+ 69. Qf4 Qh5 70. Qc7+ Ka8 71. Qc6+ Kb8 72. Qxe4 Qh3+ 73. Kf4 Qh2+ 74. Kg5 Qg1+ 75. Kf6 Ka7 76. f4 Bg2 77. Qe7+ Bb7 78. g7 Qg4 79. Nf5 Kb6 80. Qe6+ 1-0

[Event "Oberliga Ost B"]
[Site "?"]
[Date "2023.02.04"]
[Round "6.7"]
[White "Duncker, Joachim"]
[Black "Barpiyeva, Gulsana"]
[Result "1/2-1/2"]
[WhiteElo "2200"]
[BlackElo "2022"]
[PlyCount "163"]
[EventDate "2022.09.18"]
[EventType "team-tourn"]
[EventCountry "GER"]
[WhiteTeam "Marburg SK"]
[BlackTeam "Hofheim SV II"]
[WhiteTeamCountry "GER"]
[BlackTeamCountry "GER"]

1. e4 c5 2. Nc3 e6 3. Nge2 Nc6 4. g3 d6 5. Bg2 Nge7 6. a3 a6 7. Rb1 Rb8 8. b4 b5 9. d3 g6 10. Be3 cxb4 11. axb4 Bg7 12. Qd2 Qc7 13. O-O O-O 14. Bh6 Bd7 15. Bxg7 Kxg7 16. Nd1 Rfc8 17. Ne3 a5 18. Qc3+ e5 19. bxa5 Nxa5 20. Qd2 Be6 21. f4 f6 22. Rf2 Nac6 23. Rbf1 Rf8 24. g4 Qa5 25. Qc1 Nd4 26. Ng3 exf4 27. Rxf4 Rbc8 28. g5 fxg5 29. Rxf8 Rxf8 30. Rxf8 Kxf8 31. Nd5 Bxd5 32. exd5 Nef5 33. Qf1 Qc3 34. Be4 Qxc2 35. Bxf5 gxf5 36. Nxf5 Ne2+ 37. Kh1 Nf4 38. h4 Qxd3 39. Qxd3 Nxd3 40. Nxd6 b4 41. hxg5 Nf4 42. Kh2 Nxd5 43. Kg3 Kg7 44. Kf3 b3 45. Nc4 Kg6 46. Ke4 Nc3+ 47. Kd3 Na4 48. Nd2 b2 49. Kc2 Kxg5 50. Kb3 Nc5+ 51. Kxb2 Kf4 52. Kc2 Kg3 53. Kd1 Kf2 54. Nc4 h5 55. Ne5 h4 56. Ng4+ Kg3 57. Ne3 Kf3 58. Nf1 Ne4 59. Ke1 h3 60. Nh2+ Kg2 61. Ng4 Nf6 62. Ne3+ Kg1 63. Nf1 Ne4 64. Ke2 Ng5 65. Ke1 Nf3+ 66. Ke2 Ne5 67. Ke1 Nd3+ 68. Ke2 Nf4+ 69. Ke1 Ng2+ 70. Ke2 Ne3 71. Nd2 Kg2 72. Nf3 Ng4 73. Ne1+ Kg3 74. Nf3 Ne5 75. Ng5 h2 76. Ne4+ Kg2 77. Nf2 Ng4 78. Nh1 Kxh1 79. Kf1 Ne3+ 80. Kf2 Ng2 81. Kf1 Nf4 82. Kf2 1/2-1/2

[Event "Oberliga Ost B"]
[Site "?"]
[Date "2023.02.04"]
[Round "6.8"]
[White "Burkart, Lloyd Shang"]
[Black "Neidhardt, Helge"]
[Result "1/2-1/2"]
[WhiteElo "1931"]
[BlackElo "1996"]
[PlyCount "82"]
[EventDate "2022.09.18"]
[EventType "team-tourn"]
[EventCountry "GER"]
[WhiteTeam "Hofheim SV II"]
[BlackTeam "Marburg SK"]
[WhiteTeamCountry "GER"]
[BlackTeamCountry "GER"]

1. c4 e5 2. g3 Nf6 3. Bg2 Nc6 4. Nc3 Bb4 5. Nd5 O-O 6. a3 Bc5 7. b4 Bd4 8. Ra2 Nxd5 9. cxd5 Ne7 10. Nf3 d6 11. Nxd4 exd4 12. Bb2 c5 13. dxc6 Nxc6 14. b5 Be6 15. bxc6 Bxa2 16. cxb7 Rb8 17. Bxd4 Qc7 18. O-O f6 19. Bxa7 Rxb7 20. Bxb7 Qxb7 21. Be3 Ra8 22. Qc1 Be6 23. f3 Qa6 24. Kf2 Qxa3 25. Qxa3 Rxa3 26. Rb1 Ra6 27. Rb7 Rc6 28. Ra7 h5 29. Bd4 d5 30. Ke3 Rc1 31. h4 Rg1 32. Kf2 Rh1 33. Ra1 Rxa1 34. Bxa1 Kf7 35. Ke3 Bd7 36. Kd4 Ke6 37. e4 Bc6 38. Ke3 g6 39. Bc3 f5 40. e5 Bb5 41. Kf4 Be2 1/2-1/2

[Event "Oberliga Ost B"]
[Site "?"]
[Date "2023.02.04"]
[Round "6.1"]
[White "Philipp, Mathias"]
[Black "Sadeghi, Behrang"]
[Result "1-0"]
[WhiteElo "2172"]
[BlackElo "2244"]
[PlyCount "131"]
[EventDate "2022.09.18"]
[EventType "team-tourn"]
[EventCountry "GER"]
[WhiteTeam "Weimar SV Vimaria"]
[BlackTeam "Homburg Bad SK"]
[WhiteTeamCountry "GER"]
[BlackTeamCountry "GER"]

1. e4 c6 2. d4 d5 3. e5 c5 4. Nf3 cxd4 5. Nxd4 Nc6 6. Nxc6 bxc6 7. Bd3 e6 8. O-O Qb6 9. Qe2 a5 10. c4 Ba6 11. Nc3 Ne7 12. b3 Ng6 13. Na4 Qb7 14. f4 Be7 15. Bd2 O-O 16. Rac1 Bb4 17. Be3 Qe7 18. g3 Rfd8 19. h4 d4 20. Bf2 Ba3 21. Rc2 c5 22. h5 Nf8 23. g4 Bb7 24. Bg3 Bc6 25. Qh2 Qb7 26. Bh4 Re8 27. Qe2 Qc7 28. Qf2 Ra7 29. Re2 Ba8 30. Kh2 Bc6 31. Bg3 Qd7 32. f5 Bxa4 33. bxa4 Qxa4 34. Qf4 exf5 35. gxf5 f6 36. e6 h6 37. Qg4 Qc6 38. Bf4 Kh8 39. Rg1 Nh7 40. Rg3 Qb6 41. Qg6 Rae7 42. Reg2 Qd8 43. Be4 Bb4 44. Rb2 a4 45. a3 Ba5 46. Bc6 Rf8 47. Qg4 Bc7 48. Bxa4 Bd6 49. Bd7 Qc7 50. Rb7 Bxf4 51. Rxc7 Bxc7 52. Kg2 Rb8 53. Bb5 Ng5 54. Rb3 Be5 55. Qe2 Reb7 56. a4 Ra7 57. Ra3 Rba8 58. a5 Bd6 59. a6 Rb8 60. Bc6 Rb6 61. Bb7 Rbxb7 62. axb7 Rxa3 63. e7 Rg3+ 64. Kf1 Nh3 65. e8=Q+ Kh7 66. Qg6+ 1-0

[Event "Oberliga Ost B"]
[Site "?"]
[Date "2023.02.04"]
[Round "6.2"]
[White "Schmidt, Walter"]
[Black "Bock, Marlon"]
[Result "1/2-1/2"]
[WhiteElo "2204"]
[BlackElo "1908"]
[PlyCount "30"]
[EventDate "2022.09.18"]
[EventType "team-tourn"]
[EventCountry "GER"]
[WhiteTeam "Homburg Bad SK"]
[BlackTeam "Weimar SV Vimaria"]
[WhiteTeamCountry "GER"]
[BlackTeamCountry "GER"]

1. e4 c5 2. Nf3 Nc6 3. d4 cxd4 4. Nxd4 Nf6 5. Nc3 e5 6. Ndb5 d6 7. a4 a6 8. Na3 Be6 9. Bc4 Be7 10. O-O O-O 11. Bg5 Bxc4 12. Nxc4 Nxe4 13. Bxe7 Nxe7 14. Nxe4 d5 15. Nxe5 dxe4 1/2-1/2

[Event "Oberliga Ost B"]
[Site "?"]
[Date "2023.02.04"]
[Round "6.3"]
[White "Philipp, Michael"]
[Black "Lenz, Jonas"]
[Result "1-0"]
[WhiteElo "2186"]
[BlackElo "2148"]
[PlyCount "71"]
[EventDate "2022.09.18"]
[EventType "team-tourn"]
[EventCountry "GER"]
[WhiteTeam "Weimar SV Vimaria"]
[BlackTeam "Homburg Bad SK"]
[WhiteTeamCountry "GER"]
[BlackTeamCountry "GER"]

1. e4 e5 2. Nf3 Nc6 3. d4 exd4 4. Nxd4 Nf6 5. Nxc6 bxc6 6. e5 Qe7 7. Qe2 Nd5 8. c4 Nb6 9. b3 a5 10. Bb2 Qe6 11. Nd2 a4 12. Qe4 Bb4 13. Bd3 a3 14. Bd4 c5 15. Be3 Bc3 16. O-O-O Qxe5 17. Bxc5 Bb2+ 18. Kc2 Kd8 19. Qxe5 Bxe5 20. Rhe1 Re8 21. Nf3 Bf6 22. Rxe8+ Kxe8 23. Re1+ Kd8 24. Bxh7 d6 25. Bd4 c5 26. Bxf6+ gxf6 27. Nh4 Be6 28. Be4 Rb8 29. Nf5 Nxc4 30. bxc4 Rb2+ 31. Kc3 Rxf2 32. Nxd6 Rxa2 33. Nb5 Rf2 34. Nxa3 f5 35. Bf3 Kc7 36. h4 1-0

[Event "Oberliga Ost B"]
[Site "?"]
[Date "2023.02.04"]
[Round "6.4"]
[White "Erdmann, Stefan"]
[Black "Riedel, Finn"]
[Result "1-0"]
[WhiteElo "2141"]
[BlackElo "2138"]
[PlyCount "89"]
[EventDate "2022.09.18"]
[EventType "team-tourn"]
[EventCountry "GER"]
[WhiteTeam "Homburg Bad SK"]
[BlackTeam "Weimar SV Vimaria"]
[WhiteTeamCountry "GER"]
[BlackTeamCountry "GER"]

1. d4 d5 2. c4 Bf5 3. cxd5 Bxb1 4. Qa4+ Qd7 5. Qxd7+ Nxd7 6. Rxb1 Ngf6 7. Nf3 Nxd5 8. e4 N5b6 9. Bd3 e6 10. O-O Be7 11. Bf4 c6 12. Rfc1 O-O 13. b4 Rfc8 14. Bd2 h6 15. h4 Nf6 16. Ne5 Nfd7 17. Nxd7 Nxd7 18. g3 Rd8 19. Be3 Rac8 20. Be2 a6 21. Rc2 Nf6 22. f3 Kf8 23. Kf2 Nd7 24. a3 Nf6 25. Rc3 Ke8 26. Rbc1 Kd7 27. Bd1 Ne8 28. Ba4 Nc7 29. Rxc6 Nb5 30. Rxc8 Rxc8 31. Rxc8 Kxc8 32. Bxb5 axb5 33. h5 Kd7 34. f4 f5 35. Kf3 Kc6 36. Bc1 Bf6 37. Bb2 Kd7 38. g4 fxe4+ 39. Kxe4 Kd6 40. Bc1 Be7 41. Be3 Bf6 42. g5 Be7 43. gxh6 gxh6 44. f5 exf5+ 45. Kxf5 1-0

[Event "Oberliga Ost B"]
[Site "?"]
[Date "2023.02.04"]
[Round "6.5"]
[White "Albrecht, Juergen"]
[Black "Kaliski, Erwin"]
[Result "1/2-1/2"]
[WhiteElo "2114"]
[BlackElo "2212"]
[PlyCount "98"]
[EventDate "2022.09.18"]
[EventType "team-tourn"]
[EventCountry "GER"]
[WhiteTeam "Weimar SV Vimaria"]
[BlackTeam "Homburg Bad SK"]
[WhiteTeamCountry "GER"]
[BlackTeamCountry "GER"]

1. e4 e6 2. d4 d5 3. Nd2 c5 4. exd5 exd5 5. Bb5+ Nc6 6. Ngf3 Nf6 7. O-O Be7 8. dxc5 Bxc5 9. Re1+ Be6 10. Nb3 Bb6 11. Nfd4 O-O 12. Bxc6 bxc6 13. Nxc6 Qc7 14. Ncd4 Rae8 15. f3 a5 16. a4 Bf5 17. Be3 Bd7 18. Qd2 Re7 19. Bf2 Rxe1+ 20. Qxe1 Re8 21. Qd2 Qc4 22. Nxa5 Qa6 23. Nab3 h6 24. a5 Ba7 25. Re1 Rc8 26. Qe2 Qb7 27. Qd3 Ba4 28. g3 Rc4 29. Kg2 Rb4 30. Qd2 Bxd4 31. Bxd4 Bxb3 32. cxb3 Rxb3 33. g4 Rb4 34. a6 Rxd4 35. Qxd4 Qxa6 36. b4 Qa2+ 37. Kg3 Qb3 38. Re2 Ne4+ 39. Kg2 Ng5 40. Qf4 Ne6 41. Qd6 d4 42. Rxe6 Qb2+ 43. Kg3 fxe6 44. Qxe6+ Kh7 45. Qf5+ Kh8 46. b5 Qc1 47. Qf8+ Kh7 48. Qf5+ Kh8 49. Qf8+ Kh7 1/2-1/2

[Event "Oberliga Ost B"]
[Site "?"]
[Date "2023.02.04"]
[Round "6.6"]
[White "Haucke, Alexander"]
[Black "Gulich, Christian"]
[Result "1-0"]
[WhiteElo "2207"]
[BlackElo "2003"]
[PlyCount "43"]
[EventDate "2022.09.18"]
[EventType "team-tourn"]
[EventCountry "GER"]
[WhiteTeam "Homburg Bad SK"]
[BlackTeam "Weimar SV Vimaria"]
[WhiteTeamCountry "GER"]
[BlackTeamCountry "GER"]

1. d4 f5 2. Bg5 g6 3. Nc3 Bg7 4. h4 d5 5. e3 Nf6 6. h5 Nxh5 7. Rxh5 gxh5 8. Qxh5+ Kf8 9. Nf3 c6 10. Ne2 Nd7 11. Nf4 Nf6 12. Qh4 Ne4 13. Bh6 Qd6 14. Bxg7+ Kxg7 15. Bd3 Bd7 16. O-O-O Rag8 17. Ne5 Kf8 18. Bxe4 fxe4 19. Qh5 Rg7 20. f3 Rhg8 21. fxe4 Rg5 22. Qf7# 1-0

[Event "Oberliga Ost B"]
[Site "?"]
[Date "2023.02.04"]
[Round "6.7"]
[White "Homberger, Jan"]
[Black "Dunsbach, Ralf"]
[Result "1-0"]
[WhiteElo "1860"]
[BlackElo "2128"]
[PlyCount "63"]
[EventDate "2022.09.18"]
[EventType "team-tourn"]
[EventCountry "GER"]
[WhiteTeam "Weimar SV Vimaria"]
[BlackTeam "Homburg Bad SK"]
[WhiteTeamCountry "GER"]
[BlackTeamCountry "GER"]

1. d4 Nf6 2. c4 g6 3. Nc3 d5 4. cxd5 Nxd5 5. e4 Nxc3 6. bxc3 Bg7 7. Bc4 O-O 8. Ne2 c5 9. Be3 Nc6 10. O-O Qc7 11. Rc1 b6 12. f4 Bg4 13. h3 Bxe2 14. Bxe2 Rad8 15. Qa4 Na5 16. e5 e6 17. g4 cxd4 18. cxd4 Qd7 19. Qxd7 Rxd7 20. Bb5 Rd5 21. Be2 f5 22. Rc7 Rf7 23. Rc8+ Rf8 24. Rfc1 Rd7 25. g5 Rxc8 26. Rxc8+ Bf8 27. Bf3 Kf7 28. d5 exd5 29. e6+ Kxe6 30. Rxf8 d4 31. Bd2 Nc4 32. Bb4 1-0

[Event "Oberliga Ost B"]
[Site "?"]
[Date "2023.02.04"]
[Round "6.8"]
[White "Kaiser, Richard"]
[Black "Graef, Michael"]
[Result "1-0"]
[WhiteElo "2122"]
[BlackElo "1951"]
[PlyCount "95"]
[EventDate "2022.09.18"]
[EventType "team-tourn"]
[EventCountry "GER"]
[WhiteTeam "Homburg Bad SK"]
[BlackTeam "Weimar SV Vimaria"]
[WhiteTeamCountry "GER"]
[BlackTeamCountry "GER"]

1. e4 g6 2. d4 Bg7 3. Nc3 d6 4. Nf3 Nf6 5. Be2 O-O 6. O-O c6 7. a4 Bg4 8. Be3 Nbd7 9. h3 Bxf3 10. Bxf3 e5 11. a5 Re8 12. dxe5 Nxe5 13. Be2 d5 14. exd5 Nxd5 15. Nxd5 cxd5 16. a6 b6 17. Bb5 Re6 18. Bd4 Rc8 19. c3 Nc4 20. Bxg7 Kxg7 21. Qd4+ Qf6 22. Bd7 Rec6 23. Qxf6+ Kxf6 24. Bxc8 Rxc8 25. Ra2 Ke6 26. Rd1 Nd6 27. Rd3 Nb5 28. Ra1 Rc4 29. Kf1 f5 30. Ke2 d4 31. Kd2 dxc3+ 32. bxc3 Nd6 33. f3 Nf7 34. Re1+ Kf6 35. Rd7 Ra4 36. Rxa7 Ra2+ 37. Ke3 g5 38. Re2 Ra3 39. Kd4 Ra4+ 40. Kd5 Ra5+ 41. Kc6 Rc5+ 42. Kxb6 Rxc3 43. Rc7 Rb3+ 44. Ka7 Ne5 45. Ka8 h5 46. Rb7 Rc3 47. Rb6+ Nc6 48. Kb7 1-0

[Event "Oberliga Ost B"]
[Site "?"]
[Date "2023.02.04"]
[Round "6.1"]
[White "Siebarth, Raiko"]
[Black "Konopka, Michal"]
[Result "1/2-1/2"]
[WhiteElo "2319"]
[BlackElo "2352"]
[PlyCount "42"]
[EventDate "2022.09.18"]
[EventType "team-tourn"]
[EventCountry "GER"]
[WhiteTeam "Stadtilm SG BW"]
[BlackTeam "Schoeneck SF"]
[WhiteTeamCountry "GER"]
[BlackTeamCountry "GER"]

1. d4 Nf6 2. Bf4 g6 3. Nc3 d6 4. e4 c6 5. Qd2 b5 6. Bd3 Nbd7 7. Nf3 Bg7 8. Bh6 O-O 9. Bxg7 Kxg7 10. a4 b4 11. Ne2 a5 12. e5 dxe5 13. dxe5 Nd5 14. h4 h5 15. e6 Nc5 16. exf7 Nxd3+ 17. Qxd3 Rxf7 18. O-O-O Rf6 19. Ng3 Qc7 20. Kb1 Qb6 21. Qd4 Bg4 1/2-1/2

[Event "Oberliga Ost B"]
[Site "?"]
[Date "2023.02.04"]
[Round "6.2"]
[White "Marchio, Enrico"]
[Black "Mueller, Magnus"]
[Result "0-1"]
[WhiteElo "2280"]
[BlackElo "2140"]
[PlyCount "116"]
[EventDate "2022.09.18"]
[EventType "team-tourn"]
[EventCountry "GER"]
[WhiteTeam "Schoeneck SF"]
[BlackTeam "Stadtilm SG BW"]
[WhiteTeamCountry "GER"]
[BlackTeamCountry "GER"]

1. Nf3 Nf6 2. c4 g6 3. g3 Bg7 4. Bg2 O-O 5. O-O d6 6. d4 c5 7. Nc3 Nc6 8. d5 Na5 9. Nd2 e6 10. Qc2 Re8 11. Re1 exd5 12. Nxd5 Nxd5 13. cxd5 b5 14. Rb1 Bf5 15. e4 c4 16. b4 cxb3 17. axb3 Rc8 18. Qd1 Bd7 19. Nf3 Nb7 20. Nd4 b4 21. Bf4 Qb6 22. Nc6 Bxc6 23. dxc6 Na5 24. e5 Bxe5 25. Be3 Qb5 26. Bxa7 Nxc6 27. Bxc6 Qxc6 28. Qd3 Bc3 29. Re3 Rxe3 30. Bxe3 Ra8 31. Rd1 Ra1 32. Rxa1 Bxa1 33. Qb1 Bc3 34. Qa2 Kg7 35. Qa7 Qe4 36. Qb8 Qb1+ 37. Kg2 Qe4+ 38. Kg1 Qb1+ 39. Kg2 Qd3 40. Bf4 Qe4+ 41. Kf1 Be5 42. Bxe5+ dxe5 43. h4 h6 44. Qb5 h5 45. Qa4 Qd3+ 46. Kg2 Qc3 47. Qa2 e4 48. Qb1 Qf3+ 49. Kh3 Qxf2 50. Qxe4 Qf5+ 51. Qxf5 gxf5 52. Kg2 f4 53. gxf4 Kg6 54. Kf3 Kf5 55. Ke3 Kg4 56. Ke4 Kxh4 57. Ke5 Kg4 58. f5 h4 0-1

[Event "Oberliga Ost B"]
[Site "?"]
[Date "2023.02.04"]
[Round "6.3"]
[White "Schneider, Christian"]
[Black "Heinatz, Thomas"]
[Result "1/2-1/2"]
[WhiteElo "2231"]
[BlackElo "2266"]
[PlyCount "111"]
[EventDate "2022.09.18"]
[EventType "team-tourn"]
[EventCountry "GER"]
[WhiteTeam "Stadtilm SG BW"]
[BlackTeam "Schoeneck SF"]
[WhiteTeamCountry "GER"]
[BlackTeamCountry "GER"]

1. c4 g6 2. Nc3 Bg7 3. g3 e5 4. Bg2 d6 5. e3 h5 6. Nf3 Nc6 7. d4 Nh6 8. dxe5 Nxe5 9. Nxe5 Bxe5 10. Qd3 c6 11. Bd2 Be6 12. f4 Bg7 13. Ne4 O-O 14. Bc3 Bxc4 15. Qxc4 d5 16. Qb3 dxe4 17. Rd1 Qb6 18. Qxb6 Bxc3+ 19. bxc3 axb6 20. Bxe4 Rfe8 21. Bb1 Rxe3+ 22. Kd2 Rae8 23. Rhe1 Ng4 24. Rxe3 Nxe3 25. Re1 Nc4+ 26. Kd1 Rd8+ 27. Kc1 b5 28. Re2 Kg7 29. Bc2 Kf6 30. h3 Rd6 31. Re4 Re6 32. Rxe6+ fxe6 33. Bd3 Nd6 34. Kd2 g5 35. fxg5+ Kxg5 36. Ke3 e5 37. Be2 Nf5+ 38. Kf2 h4 39. gxh4+ Kf4 40. h5 e4 41. Bg4 Nh6 42. Bc8 b6 43. Bd7 c5 44. Bxb5 Nf5 45. Bd7 Nh6 46. Ke2 Nf7 47. Be6 Nh6 48. Kd2 Ke5 49. Bg4 Kf4 50. Be2 Nf5 51. Bg4 Nh6 52. Be6 Ke5 53. Bd7 Kf4 54. Bg4 Nf7 55. Be6 Nh6 56. Bg4 1/2-1/2

[Event "Oberliga Ost B"]
[Site "?"]
[Date "2023.02.04"]
[Round "6.4"]
[White "Nazarenus, Moritz"]
[Black "Siebarth, Marco"]
[Result "1-0"]
[WhiteElo "2266"]
[BlackElo "2072"]
[PlyCount "81"]
[EventDate "2022.09.18"]
[EventType "team-tourn"]
[EventCountry "GER"]
[WhiteTeam "Schoeneck SF"]
[BlackTeam "Stadtilm SG BW"]
[WhiteTeamCountry "GER"]
[BlackTeamCountry "GER"]

1. d4 d5 2. c4 c6 3. cxd5 cxd5 4. Nc3 Nf6 5. Bf4 a6 6. e3 e6 7. Nf3 Be7 8. h3 Nbd7 9. Bd3 O-O 10. O-O b5 11. Rc1 Bb7 12. Qe2 Rc8 13. Rc2 b4 14. Na4 Qa5 15. b3 Rxc2 16. Qxc2 Rc8 17. Qb1 Ne4 18. Bxe4 dxe4 19. Ne5 Nxe5 20. Bxe5 f6 21. Bg3 f5 22. Rc1 Rc6 23. Rc2 Qb5 24. Qc1 Kf7 25. Nc5 Bxc5 26. dxc5 Rc8 27. Bd6 Bd5 28. Qd1 g6 29. Rd2 Qc6 30. h4 h5 31. Qa1 Qe8 32. Qe5 Bc6 33. Qf4 Bd5 34. Rd4 Qd8 35. Rxb4 Kg7 36. Rb6 a5 37. Ra6 Ra8 38. Be5+ Kh7 39. Rd6 Qe8 40. Qg5 Qf7 41. c6 1-0

[Event "Oberliga Ost B"]
[Site "?"]
[Date "2023.02.04"]
[Round "6.5"]
[White "Mehlhorn, Uwe"]
[Black "Meyer, Kai Christian"]
[Result "1/2-1/2"]
[WhiteElo "2021"]
[BlackElo "2191"]
[PlyCount "178"]
[EventDate "2022.09.18"]
[EventType "team-tourn"]
[EventCountry "GER"]
[WhiteTeam "Stadtilm SG BW"]
[BlackTeam "Schoeneck SF"]
[WhiteTeamCountry "GER"]
[BlackTeamCountry "GER"]

1. d4 d5 2. Nf3 Nf6 3. Bf4 g6 4. e3 Bg7 5. Be2 c5 6. c3 cxd4 7. exd4 Qb6 8. Qb3 Qxb3 9. axb3 Nc6 10. Nbd2 O-O 11. h3 Nd7 12. O-O f6 13. Bb5 e5 14. Be3 a6 15. b4 e4 16. Nh2 f5 17. Bf4 Nd8 18. Rfe1 Nb6 19. Bc7 Bd7 20. Bxa6 Na4 21. Be2 Ne6 22. Bd6 Rfe8 23. Rab1 Rac8 24. Nb3 Rc6 25. Be5 Bxe5 26. dxe5 Nf4 27. Bf1 Rxe5 28. Nf3 Re8 29. Nfd4 Rcc8 30. Nb5 Nd3 31. Bxd3 exd3 32. Rxe8+ Rxe8 33. N5d4 f4 34. Kf1 b6 35. Nc1 d2 36. Nd3 f3 37. Rd1 Nxb2 38. Rxd2 fxg2+ 39. Kxg2 Na4 40. Ne2 Bb5 41. Ndc1 Rc8 42. Kh2 Bc4 43. Rc2 Kf7 44. Kg3 Ke6 45. Nd4+ Ke5 46. Nf3+ Kf5 47. Nd4+ Ke4 48. Nf3 Kf5 49. Nd4+ Kf6 50. Nde2 g5 51. Nd4 Re8 52. Nce2 Re4 53. Kf3 Kg6 54. Ng3 Rf4+ 55. Ke3 Rh4 56. Nf3 Rf4 57. Ne5+ Kf6 58. Nxc4 Rxc4 59. Ne2 h5 60. Kd3 Rh4 61. Ng1 g4 62. hxg4 Rxg4 63. Ne2 h4 64. Rc1 Nb2+ 65. Ke3 Nc4+ 66. Kf3 Ne5+ 67. Ke3 Re4+ 68. Kd2 Nf3+ 69. Kd3 Ne5+ 70. Kd2 Nf3+ 71. Kd3 h3 72. Ng3 Ne1+ 73. Kd2 Nf3+ 74. Kd3 h2 75. Rh1 Re8 76. Ne2 Rh8 77. Ke3 Ne5 78. Kf4 Nd3+ 79. Kg3 Ke5 80. f3 Rg8+ 81. Kxh2 Rh8+ 82. Kg1 Rxh1+ 83. Kxh1 Ne1 84. Nd4 Kf4 85. Ne6+ Kxf3 86. Nc7 Ke4 87. Na8 Kd3 88. Nxb6 Kxc3 89. Nxd5+ Kc4 1/2-1/2